| 000 | 00630nam a22002057a 4500 | ||
|---|---|---|---|
| 003 | OSt | ||
| 005 | 20260310051046.0 | ||
| 008 | 260310b |||||||| |||| 00| 0 eng d | ||
| 020 | _a0-13-133088-8. | ||
| 040 |
_aDWCL Main lib _cOC |
||
| 082 | _aCirc. 174 M978m 2006 | ||
| 100 | _aMurphy, Patrick E.. | ||
| 245 |
_aMarketing ethics : _bcases and readings _cPatrick E. Murphy |
||
| 260 |
_aNew Jersey. : _bPearson/Prentice-Hall, _cc2006. |
||
| 300 |
_axii, 172 p. ; _c23 cm. |
||
| 504 | _aIncludes bibliographical references and index. | ||
| 650 | _a1. Business ethics. | ||
| 650 | _a2. Marketing. | ||
| 942 |
_2ddc _cGR _kCirc. _n0 |
||
| 999 |
_c8854 _d8854 |
||